| 000 | 00464nam a22001817a 4500 | ||
|---|---|---|---|
| 999 |
_c30973 _d30972 |
||
| 003 | OSt | ||
| 005 | 20201102163232.0 | ||
| 008 | 181004b ||||| |||| 00| 0 eng d | ||
| 020 | _a9780373713653 | ||
| 040 |
_aMMU _beng _cMMU _dMMU |
||
| 050 | _aFICPS3602.O54 2006 | ||
| 100 | _aKeefe Molly O. | ||
| 245 |
_aFamily at Stake/ _cMolly O'Keefe |
||
| 260 |
_aToronto: _bHarlequin, _c2006. |
||
| 300 | _a297 p. : | ||
| 650 | _afamily at stake | ||
| 942 |
_2lcc _cLOAN LOAN |
||